| 000 | 00600nam a22002177a 4500 | ||
|---|---|---|---|
| 001 | 240023 | ||
| 003 | DO-SdBNP | ||
| 005 | 20180205100305.0 | ||
| 007 | 240023 | ||
| 008 | 160318b 1952 nyu xxu||||| |||| 00| 0 spa d | ||
| 020 | _a0-590-30271-X | ||
| 040 |
_aBPMSU _bspa _cBPMSU |
||
| 100 | 1 | _aWhite, E. B. | |
| 245 | 1 | 0 |
_aCharlotte's web / _cE. B. White ; ilustración Garth Williams. |
| 260 |
_aNew York, NY : _bScholastic, _c1952. |
||
| 300 |
_a184 p. : _bil. ; _c20 cm. |
||
| 700 | 1 | 2 |
_aWilliams, Garth, _eil. |
| 942 |
_2ddc _cBK |
||
| 945 | _aInventariado, 2018/MFF | ||
| 956 |
_2LOPEREZ _310 |
||
| 999 |
_c9301 _d9301 |
||